Trujillo : (Record no. 185867)

MARC details
000 -LEADER
campo de control de longitud fija 00851nam a2200217 i 4500
001 - NÚMERO DE CONTROL
campo de control 185867
003 - IDENTIFICADOR DE NÚMERO DE CONTROL
campo de control ES-MaACL
005 - FECHA Y HORA DE LA ÚLTIMA TRANSACCIÓN
campo de control 20250822155655.0
008 - DATOS DE LONGITUD FIJA--INFORMACIÓN GENERAL
campo de control de longitud fija 160817s1949 sp |||| | spa d
100 1# - ENTRADA PRINCIPAL--NOMBRE DE PERSONA
Nombre de persona Iñiguez Almech, Francisco.
9 (RLIN) 65371
245 10 - MENCIÓN DEL TÍTULO
Título Trujillo :
Resto del título estudio histórico artístico /
Mención de responsabilidad, etc. por D. Francisco Íñiguez Almech ; fotografías de J. del Palacio.
260 ## - PUBLICACIÓN, DISTRIBUCIÓN, ETC.
Lugar de publicación, distribución, etc. [Madrid] :
Nombre del editor, distribuidor, etc. Cultura Hispánica,
Fecha de publicación, distribución, etc. 1949.
300 ## - DESCRIPCIÓN FÍSICA
Extensión XXXVII p., 5 h., 1 plano, 90 p. de lám. ;
Dimensiones 29 cm.
490 1# - MENCIÓN DE SERIE
Mención de serie Cuadernos de arte ;
Designación de volumen o secuencia 3
594 ## - Nota al título y mención de responsabilidad
Nota al título y mención de responsabilidad Joaquín del Palacio firmó sus trabajos fotográficos con el nombre de Kindel.
651 #4 - PUNTO DE ACCESO ADICIONAL DE MATERIA--NOMBRE GEOGRÁFICO
Nombre geográfico Trujillo (Cáceres)-
Subdivisión general Descripción
9 (RLIN) 9458
700 0# - ENTRADA AGREGADA--NOMBRE PERSONAL
Nombre de persona Kindel (
Fechas asociadas al nombre 1905-1989)
9 (RLIN) 172693
830 1# - PUNTO DE ACCESO ADICIONAL DE SERIE-TÍTULO UNIFORME
Título uniforme Cuadernos de arte
Designación de volumen o secuencia 3
9 (RLIN) 183754
852 ## - LOCALIZACIÓN
Ubicación ES-MaACL
Número de control de estantería C-31475
Holdings
Estatus retirado Estado de pérdida Estado de daño No para préstamo Biblioteca de origen Biblioteca actual Ubicación en estantería Fecha de adquisición Fuente de adquisición Total de préstamos Signatura topográfica completa Código de barras Visto por última vez Precio de reemplazo Tipo de ítem Koha
        Biblioteca del Ateneo de Madrid Biblioteca del Ateneo de Madrid Depósito 2 17/08/2016     C-31475 1195927 23/02/2023 23/02/2023 Libro impreso